History Quiz

Random History or Politics Quiz

Shadow Chancellors since 1945 Quiz Stats

 Plays Quiz not verified by Sporcle

Also try: Biography: G
Challenge
Share
Tweet
Embed
Score 0/28 Timer 06:00
0 Plays Today
Year Shadow Chancellor % Correct
1992-1997Gordon Brown
93.9%
2005-2010George Osborne
85%
2011-2015Ed Balls
84.5%
1987-1992John Smith
81%
1997Kenneth Clarke
81%
1961-1964James Callaghan
74.8%
1972-1974Dennis Healey
74.1%
1979-1980Dennis Healey
74.1%
2001-2003Michael Howard
71.4%
2010-2011Alan Johnson
71.4%
2010Alistair Darling
66%
2000-2001Michael Portillo
60.5%
1951-1955Hugh Gaitskell
59.9%
1975-1979Geoffrey Howe
59.9%
Year Shadow Chancellor % Correct
1955-1961Harold Wilson
58.5%
1965Edward Heath
58.5%
1950-1951Rab Butler
53.1%
1970-1972Roy Jenkins
51%
1983-1987Roy Hattersley
40.1%
2003-2005Oliver Letwin
40.1%
2015-Chris Leslie
39.1%
1964-1965Reginald Maudling
34%
1998-2000Francis Maude
31.3%
1965-1970Iain MacLeod
30.6%
1997-1998Peter Lilley
29.3%
1980-1983Peter Shore
21.1%
1974-1975Robert Carr
14.3%
1945-1950Oliver Stanley
1.4%

You're not logged in!

Compare scores with friends on all Sporcle quizzes.
Join for Free
OR
Log In

You Might Also Like...

Show Comments

Extras

Top Quizzes Today


Score Distribution

Your Account Isn't Verified!

In order to create a playlist on Sporcle, you need to verify the email address you used during registration. Go to your Sporcle Settings to finish the process.

Report this User

Report this user for behavior that violates our Community Guidelines.

Details: